000
00302 a2200145 4500
001
167560
020
_a
040
_c
Magnum
100
_a
Ostrower, Fayga
240
1
0
_a
Acasos e criacao artistica
_l
por
245
1
0
_a
Acasos e criacao artistica
362
0
_a
1899
697
_a
ARTES
942
_c
BK
999
_c
167560
_d
167560